[Event "UAE President Cup"]
[Site "Al Ain"]
[Date "2008.08.28"]
[Round "7"]
[White "Saleh, Nora Mohd"]
[Black "Khaled, Khudayr"]
[Result "1-0"]
[WhiteElo "1859"]
[BlackElo "2173"]
[PlyCount "43"]
[EventDate "2008.08.23"]
[EventType "swiss"]
[EventRounds "9"]
[EventCountry "UAE"]
[SourceTitle "CBM 126 Extra"]
[Source "ChessBase"]
[SourceDate "2008.11.05"]
[SourceVersion "1"]
[SourceVersionDate "2008.11.05"]
[SourceQuality "1"]

1. d4 d5 2. c4 e6 3. Nc3 Nf6 4. Bg5 Nbd7 5. Nf3 Be7 6. e3 0-0 7. Qc2 h6 8. Bh4 b6 9. cxd5 exd5 10. Be2 Bb7 11. 0-0 Rc8 12. Nb5 c6 13. Nxa7 Rc7 14. Bg3 g5 15. Bxc7 Qxc7 16. Nb5 Qb8 17. Nc3 g4 18. Nh4 Bd6 19. g3 h5 20. Qf5 Kh8 21. Bd3 Rg8 22. e4 1-0

[Event "UAE President Cup"]
[Site "Al Ain"]
[Date "2008.08.24"]
[Round "2"]
[White "Khaled, Khudayr"]
[Black "Saeed, Ishaq"]
[Result "0-1"]
[WhiteElo "2173"]
[BlackElo "2219"]
[PlyCount "56"]
[EventDate "2008.08.23"]
[EventType "swiss"]
[EventRounds "9"]
[EventCountry "UAE"]
[SourceTitle "CBM 126 Extra"]
[Source "ChessBase"]
[SourceDate "2008.11.05"]
[SourceVersion "1"]
[SourceVersionDate "2008.11.05"]
[SourceQuality "1"]

1. e4 c6 2. d4 d5 3. f3 e6 4. Nc3 Qb6 5. Rb1 Nd7 6. Be3 Ngf6 7. e5 Nxe5 8. Na4 Qa5+ 9. c3 Ng6 10. b4 Qc7 11. h4 h5 12. Bd3 Nf4 13. Bxf4 Qxf4 14. Ne2 Qc7 15. b5 Bd6 16. Kf2 0-0 17. Qd2 e5 18. c4 cxb5 19. cxb5 e4 20. Rbc1 Qd8 21. Bb1 Re8 22. fxe4 dxe4 23. Kf1 Bg4 24. Nc5 Qe7 25. Qe3 b6 26. Nb3 Qe6 27. Ke1 Nd5 28. Qg5 f6 0-1